000 00843nam a22002297a 4500
005 20170124105935.0
010 _aA-702332
020 _c00.00
_a8171006461
035 _aA-702332
037 _bCen Lib/Ret
040 _aDPL
_bEN
082 _a327.47
_bKOT
100 _aKothari, Raj Kumar
_99490
245 _aFrom communism to democratic freedom :
_cby Raj Kumar Kothari
_bpereatrokia and new thinking of Mikhail Gorbachev /
260 _aNew Delhi
_bDeep & Deep Publications
_c1994
270 _aF-159, Rajouri Garden
_bNew Delhi
_e110027
300 _axiii,229p.
_c21cm(Hb)
500 _aIncludes bibliographical references.
650 _aPerestroĭka.
_99491
650 _aSoviet Union -- Foreign relations -- 1985-1991. Soviet Union -- Foreign relations -- 1985-1991.
_99492
942 _2ddc
_cEN
_h327.47
_mKOT
999 _c124137
_d124137